000 00931nam a2200265 u 4500
001 000056859
005 20200120223341.0
008 100414s2011 sp a br 000 0 spa d
020 _a9788444142784
041 _a//spa
043 _ae-sp---
090 _aP
_bCRUdea
100 1 _aCruz-Contarini, Rafael.
245 1 3 _aDe la A a la Z con el agua /
_cRafael Cruz-Contarini ; dirección editorial Raquel López Varela ; coordinación Ana María García Alonso ; diseño Francisco A. Morais ; ilustración Rafael Salmerón.
250 _a3a. ed.
260 _aLeón (España) :
_bEverest,
_c2011.
300 _a[30 p]. :
_bil.
650 1 7 _aLiteratura infantil
_2LEMB
650 2 7 _aCuento infantil
_2LEMB
650 2 7 _aLibros ilustrados para niños
_2LEMB
700 1 _aLópez Varela, Raquel
_edir.
700 1 _aGarcía Alonso, Ana María
_ecoor.
700 1 _aMorais, Francisco A.
_edise.
700 1 _aSalmerón, Rafael
_eil.
999 _c6156
_d6156